书目信息 |
| 题名: |
太阳元素的发现
|
|
| 作者: | 郭正谊 编 | |
| 分册: | ||
| 出版信息: | 北京 中国少年儿童出版社 1979 |
|
| 页数: | 90页 | |
| 开本: | 19cm | |
| 丛书名: | 少年百科丛书 | |
| 单 册: | ||
| 中图分类: | I287.55 | |
| 科图分类: | ||
| 主题词: | 儿童文学-科学故事--中国--现代 , 科学故事-儿童文学--中国--现代 | |
| 电子资源: | ||
| ISBN: | ||
| 000 | 00703nam2 2200253 45 | |
| 001 | 0179006365 | |
| 005 | 20060812111641.87 | |
| 010 | @dCNY0.21 | |
| 091 | @aCN@bR13056.92 | |
| 100 | @a19950721d1979 am y0chiy0121 ea | |
| 101 | 0 | @achi |
| 102 | @aCN@b110000 | |
| 105 | @ay z 000fy | |
| 200 | 10 | @a太阳元素的发现@Atai yang yuan su de fa xian@f郭正谊编 |
| 210 | @a北京@c中国少年儿童出版社@d1979 | |
| 215 | @a90页@d19cm | |
| 225 | 2 | @a少年百科丛书 |
| 410 | 0 | @120010@a少年百科丛书 |
| 606 | @a儿童文学-科学故事@y中国@z现代 | |
| 606 | @a科学故事-儿童文学@y中国@z现代 | |
| 690 | @aI287.55@v3 | |
| 701 | 0 | @a郭正谊@Aguo zheng yi@4编 |
| 801 | 0 | @aCN@bTSSF@c20060812 |
| 905 | @a10447@dI287.55@e290 | |
| 太阳元素的发现/郭正谊编.-北京:中国少年儿童出版社,1979 |
| 90页;19cm.-(少年百科丛书) |
| ISBN :CNY0.21 |
| ● |
| 相关链接 |
|
|
|
|
正题名:太阳元素的发现
索取号:I287.55/290
 
预约/预借
| 序号 | 登录号 | 条形码 | 馆藏地/架位号 | 状态 | 备注 |
| 1 | 0450441 | 204504410 | 密集书库/ [索取号:I287.55/290] | 在馆 | |
| 2 | 0452365 | 204523658 | 密集书库/ [索取号:I287.55/290] | 在馆 | |
| 3 | 0452385 | 204523854 | 密集书库/ [索取号:I287.55/290] | 在馆 |